[Event "Arnprior op"]
[Site "Arnprior CAN"]
[Date "2000.05.07"]
[Round "4"]
[White "Predescu, Sebastian"]
[Black "Ottosen, David"]
[Result "1/2-1/2"]
[WhiteElo "2029"]
[BlackElo "2161"]
[PlyCount "133"]
[GameId "2160767911716163"]
[EventDate "2000.05.06"]
[EventType "swiss"]
[EventRounds "5"]
[EventCountry "CAN"]
[SourceTitle "Albertabase"]
[SourceDate "2003.08.17"]
[SourceVersion "1"]
[SourceVersionDate "2003.08.17"]
[SourceQuality "1"]

1. d4 g6 2. Nf3 Bg7 3. Bf4 d6 4. e3 Nh6 5. Be2 O-O 6. Nbd2 f6 7. c3 e5 8. Bxh6 Bxh6 9. Qb3+ Kh8 10. O-O-O Qe7 11. h4 e4 12. Ne1 a5 13. g4 a4 14. Qc2 f5 15. g5 Bg7 16. Ng2 Be6 17. a3 Nc6 18. Nf4 Bg8 19. h5 Qxg5 20. Rdg1 Qd8 21. Nxg6+ hxg6 22. hxg6+ Bh7 23. Rxh7+ Kg8 24. Bc4+ d5 25. Ba2 Ne7 26. Rh3 Rf6 27. Qd1 Raa6 28. f3 Qd7 29. Rhg3 Rae6 30. fxe4 fxe4 31. Qh5 Rf2 32. R1g2 Rf5 33. Rg5 Rxg5 34. Rxg5 c6 35. Qh3 Qd6 36. Qh1 Kf8 37. Qh7 Rxg6 38. Rxg6 Qxg6 39. Qxg6 Nxg6 40. c4 Ne7 41. Kd1 Bh6 42. Ke2 Ke8 43. Nb1 dxc4 44. Bxc4 Nf5 45. Nc3 Nxe3 46. Be6 Nc2 47. d5 Nd4+ 48. Ke1 Nxe6 49. dxe6 b5 50. Kd1 Bg7 51. Kc2 Bxc3 52. Kxc3 Ke7 53. Kd4 Kxe6 54. Kxe4 c5 55. Kd3 Kd5 56. Kc3 Ke4 57. Kc2 Kd4 58. Kd2 Kc4 59. Kc2 b4 60. axb4 Kxb4 61. Kc1 Kc4 62. Kc2 Kb4 63. Kc1 Kb3 64. Kb1 c4 65. Kc1 Ka2 66. Kc2 Ka1 67. Kc1 1/2-1/2

[Event "Arnprior op"]
[Site "Arnprior CAN"]
[Date "2000.05.07"]
[Round "5"]
[White "Ottosen, David"]
[Black "Voloaca, Mihnea"]
[Result "0-1"]
[WhiteElo "2161"]
[BlackElo "2194"]
[PlyCount "60"]
[GameId "2160767911716164"]
[EventDate "2000.05.06"]
[EventType "swiss"]
[EventRounds "5"]
[EventCountry "CAN"]
[SourceTitle "Albertabase"]
[SourceDate "2003.08.17"]
[SourceVersion "1"]
[SourceVersionDate "2003.08.17"]
[SourceQuality "1"]

1. e4 c5 2. Nf3 e6 3. d4 cxd4 4. Nxd4 a6 5. Bd3 Bc5 6. Nb3 Ba7 7. Nc3 Ne7 8. Qe2 Nbc6 9. Bg5 Qc7 10. O-O-O d6 11. f4 O-O 12. Qg4 Be3+ 13. Kb1 e5 14. f5 Bxg5 15. Qxg5 f6 16. Qe3 b5 17. Bxb5 axb5 18. Nxb5 Qb8 19. Nxd6 Ba6 20. Nc5 Nd4 21. Nd7 Qxd6 22. Nxf8 Bc4 23. a3 Kxf8 24. c3 Rxa3 25. Qe1 Ra1+ 26. Kxa1 Qa6+ 27. Kb1 Qa2+ 28. Kc1 Qa1+ 29. Kd2 Qxb2+ 30. Ke3 Nc2+ 0-1

[Event "Art Skeel mem."]
[Site "Edmonton CAN"]
[Date "2000.06.01"]
[Round "1"]
[White "Ottosen, David"]
[Black "Bukowski, George"]
[Result "1-0"]
[WhiteElo "2115"]
[BlackElo "1657"]
[PlyCount "95"]
[GameId "2160767911711774"]
[EventDate "2000.06.01"]
[EventType "swiss"]
[EventRounds "5"]
[EventCountry "CAN"]

1. d4 d5 2. c4 e6 3. Nc3 Be7 4. Nf3 Nf6 5. Bf4 O-O 6. e3 Nbd7 7. Qc2 c6 8. O-O-O dxc4 9. Bxc4 b5 10. Bd3 Re8 11. Nxb5 cxb5 12. Bc7 Bb7 13. Bxd8 Rc8 14. Qxc8 Bxc8 15. Bxe7 Rxe7 16. Bxb5 Nb6 17. Ne5 Ne4 18. Rhf1 Nd6 19. Bd3 f6 20. Nf3 Rc7+ 21. Kb1 Nbc4 22. Nd2 Ba6 23. Nxc4 Nxc4 24. b3 Na3+ 25. Kb2 Bxd3 26. Rxd3 Nb5 27. Rc1 Rd7 28. a4 Nc7 29. Rdc3 Nd5 30. Rc8+ Kf7 31. e4 Nf4 32. R1c7 Ke7 33. Rxd7+ Kxd7 34. Ra8 Nd3+ 35. Kc2 Nb4+ 36. Kc3 a5 37. Rxa5 Nc6 38. Rc5 g5 39. b4 h5 40. b5 Na5 41. b6 h4 42. Rxa5 Kc6 43. Rb5 Kb7 44. d5 exd5 45. exd5 f5 46. d6 f4 47. d7 g4 48. d8=Q 1-0

[Event "Art Skeel mem."]
[Site "Edmonton CAN"]
[Date "2000.06.08"]
[Round "2"]
[White "Davies, Bob"]
[Black "Ottosen, David"]
[Result "0-1"]
[WhiteElo "1614"]
[BlackElo "2115"]
[PlyCount "74"]
[GameId "2160767911711775"]
[EventDate "2000.06.01"]
[EventType "swiss"]
[EventRounds "5"]
[EventCountry "CAN"]

1. g3 e5 2. c4 Nf6 3. Nc3 d5 4. cxd5 Nxd5 5. Nf3 Nc6 6. Bg2 f6 7. O-O Be6 8. Qb3 Na5 9. Qa4+ c6 10. d3 b5 11. Qd1 h5 12. Nh4 g5 13. Ng6 Rh7 14. Nxf8 Kxf8 15. Ne4 Qc8 16. Qc2 Bh3 17. Nd6 Qe6 18. Qc5 Kg8 19. Bd2 Bxg2 20. Kxg2 Nb7 21. Nxb7 Rxb7 22. h3 Rd8 23. Rac1 Ne7 24. b3 e4 25. d4 Rd5 26. Qc3 Rbd7 27. Be3 Kh7 28. f3 Nf5 29. Bg1 Qd6 30. f4 Rc7 31. g4 Nh4+ 32. Kg3 Ng6 33. e3 gxf4+ 34. exf4 Nxf4 35. Rxf4 h4+ 36. Kxh4 Qxf4 37. Qc2 Rh5+ 0-1

[Event "Art Skeel mem."]
[Site "Edmonton CAN"]
[Date "2000.06.16"]
[Round "3"]
[White "Ottosen, David"]
[Black "Chi, Jonathan"]
[Result "1-0"]
[WhiteElo "2115"]
[BlackElo "1282"]
[PlyCount "69"]
[GameId "2160767911711776"]
[EventDate "2000.06.01"]
[EventType "swiss"]
[EventRounds "5"]
[EventCountry "CAN"]

1. e4 c5 2. Nf3 d6 3. d4 cxd4 4. Nxd4 Nf6 5. Nc3 g6 6. Be3 Bg7 7. Bc4 Nc6 8. f3 Bd7 9. Qd2 O-O 10. O-O-O Re8 11. h4 Nxd4 12. Bxd4 Qc8 13. Bb3 Be6 14. h5 Bxb3 15. axb3 Qd7 16. hxg6 fxg6 17. Rh3 Kf8 18. Rdh1 e6 19. Qg5 Ke7 20. Rxh7 Rh8 21. e5 dxe5 22. Bc5+ Kd8 23. Rxh8+ Bxh8 24. Rxh8+ Kc7 25. Qxe5+ Kc6 26. Rxa8 b6 27. b4 Nd5 28. b5+ Kxc5 29. b4+ Kc4 30. Kb2 Nxc3 31. Rc8+ Kxb4 32. Rxc3 Qd5 33. Rb3+ Kc5 34. Qc7+ Kd4 35. Rd3# 1-0

[Event "Art Skeel mem."]
[Site "Edmonton CAN"]
[Date "2000.06.22"]
[Round "4"]
[White "Ottosen, David"]
[Black "Hughey, Micah"]
[Result "1/2-1/2"]
[WhiteElo "2115"]
[BlackElo "2075"]
[PlyCount "109"]
[GameId "2160767911711777"]
[EventDate "2000.06.01"]
[EventType "swiss"]
[EventRounds "5"]
[EventCountry "CAN"]

1. e4 e5 2. f4 Bc5 3. Nf3 d6 4. b4 Bb6 5. Bb2 Bg4 6. h3 Bxf3 7. Qxf3 Nc6 8. Bb5 Nge7 9. fxe5 dxe5 10. Bxe5 O-O 11. Bc3 Nd4 12. Qg3 Nxc2+ 13. Kd1 Nd4 14. Na3 a5 15. Nc4 axb4 16. Bb2 Bc5 17. Ne3 Ng6 18. Bf1 Re8 19. h4 Rxe4 20. h5 Rh4 21. Rxh4 Qxh4 22. Qxc7 Qxh5+ 23. g4 Qg5 24. Qxb7 Rd8 25. Qe4 h6 26. Bg2 b3 27. axb3 Nxb3 28. Ra8 Nxd2 29. Rxd8+ Qxd8 30. Qd5 Qxd5 31. Nxd5 Nc4 32. Bc1 Ne7 33. Ke2 Ne5 34. g5 hxg5 35. Bxg5 Nxd5 36. Bxd5 Kf8 37. Bd2 Ke7 38. Bc3 Bd6 39. Bxe5 Bxe5 40. Kf3 f5 41. Kg2 Kf6 42. Kh3 Kg5 43. Bf3 Kf4 44. Bd1 g5 45. Bc2 g4+ 46. Kg2 Kg5 47. Bd3 f4 48. Be2 Bd4 49. Bd1 Be3 50. Be2 Kf5 51. Bd1 Bc1 52. Be2 g3 53. Bf3 Ke5 54. Bc6 Kd4 55. Bb7 1/2-1/2

[Event "Art Skeel mem."]
[Site "Edmonton CAN"]
[Date "2000.06.29"]
[Round "5"]
[White "Clark, Alan"]
[Black "Ottosen, David"]
[Result "1/2-1/2"]
[WhiteElo "2002"]
[BlackElo "2115"]
[PlyCount "95"]
[GameId "2160767911711778"]
[EventDate "2000.06.01"]
[EventType "swiss"]
[EventRounds "5"]
[EventCountry "CAN"]

1. e4 d5 2. exd5 Qxd5 3. Nc3 Qa5 4. Nf3 Nf6 5. d4 Bg4 6. Be2 c6 7. O-O e6 8. Re1 Bd6 9. h3 Bh5 10. Ne5 Bxe2 11. Qxe2 O-O 12. Nc4 Qc7 13. Nxd6 Qxd6 14. Bg5 Nbd7 15. Rad1 h6 16. Bc1 Rfe8 17. Qf3 Nd5 18. Nxd5 Qxd5 19. Qxd5 cxd5 20. Kf1 Rec8 21. Re2 Rc6 22. Bf4 Rac8 23. Rdd2 b5 24. b3 a5 25. f3 Nf8 26. Kf2 Ng6 27. Bh2 Ne7 28. g4 Rc3 29. Bd6 Nc6 30. Bc5 Nb4 31. a3 Na6 32. Bb6 a4 33. Ba5 R3c6 34. bxa4 bxa4 35. Ke3 Nc7 36. Bb4 Nb5 37. Bc5 Nc3 38. Rh2 Rb8 39. Rd3 Nb5 40. Rh1 e5 41. c3 Rxc5 42. dxc5 Nxc3 43. Rxc3 d4+ 44. Kd3 dxc3 45. Kxc3 Kf8 46. Re1 Ke7 47. Kc4 g6 48. c6 1/2-1/2

[Event "August active"]
[Site "Winnipeg CAN"]
[Date "2000.08.29"]
[Round "1"]
[White "Schulz, Waldemar"]
[Black "Weijs, Harry"]
[Result "1-0"]
[WhiteElo "2016"]
[BlackElo "1514"]
[PlyCount "73"]
[GameId "2160767911652691"]
[EventDate "2000.08.29"]
[EventType "swiss (rapid)"]
[EventRounds "4"]
[EventCountry "CAN"]

1. d4 Nf6 2. Nf3 e6 3. c4 Bb4+ 4. Bd2 a5 5. g3 c5 6. Bg2 d5 7. a3 Bxd2+ 8. Nbxd2 cxd4 9. cxd5 Qxd5 10. O-O Nc6 11. Nb3 e5 12. Nfxd4 e4 13. Nxc6 bxc6 14. Rc1 O-O 15. Rc5 Qxd1 16. Rxd1 a4 17. Nd4 Bb7 18. Nxc6 Rfe8 19. Nb4 Red8 20. Rcc1 Rac8 21. Rxc8 Rxc8 22. Bh3 Re8 23. e3 g6 24. Kf1 Kg7 25. Ke2 Re5 26. Bg2 h5 27. h3 g5 28. Rd4 Kg6 29. f4 Re6 30. Rd8 Re8 31. Rxe8 Nxe8 32. fxg5 Kxg5 33. Kf2 f5 34. Bf1 Nd6 35. Nc2 Bd5 36. h4+ Kg6 37. Nd4 1-0

[Event "August active"]
[Site "Winnipeg CAN"]
[Date "2000.08.29"]
[Round "2"]
[White "Xia, Yanchong"]
[Black "Schulz, Waldemar"]
[Result "0-1"]
[WhiteElo "1787"]
[BlackElo "2016"]
[PlyCount "79"]
[GameId "2160767911652692"]
[EventDate "2000.08.29"]
[EventType "swiss (rapid)"]
[EventRounds "4"]
[EventCountry "CAN"]

1. e4 c5 2. Nf3 e6 3. d4 cxd4 4. Nxd4 a6 5. Nc3 Qc7 6. Bd3 Nf6 7. Bg5 Bb4 8. Qd2 Nc6 9. Nde2 Be7 10. O-O-O d6 11. Kb1 Bd7 12. f4 h6 13. Bxf6 Bxf6 14. Ng3 O-O-O 15. Nh5 Ne7 16. Nxf6 gxf6 17. Rhf1 Bc6 18. f5 e5 19. Bc4 Rh7 20. Bb3 Kb8 21. Qe3 Qa5 22. Qd3 Qc5 23. Qc4 Qxc4 24. Bxc4 b5 25. Bb3 Rg7 26. g3 b4 27. Nd5 Nxd5 28. Bxd5 Kc7 29. Rf2 Rg4 30. Re2 a5 31. Kc1 Rb8 32. Bxc6 Kxc6 33. Rd5 Rb5 34. Rxb5 Kxb5 35. Kd2 Kc5 36. Ke3 d5 37. exd5 Kxd5 38. c3 bxc3 39. bxc3 Ra4 40. Rd2+ 0-1

[Event "August active"]
[Site "Winnipeg CAN"]
[Date "2000.08.29"]
[Round "3"]
[White "Milord, Frank"]
[Black "Xia, Yanchong"]
[Result "1-0"]
[WhiteElo "1786"]
[BlackElo "1787"]
[PlyCount "73"]
[GameId "2160767911652693"]
[EventDate "2000.08.29"]
[EventType "swiss (rapid)"]
[EventRounds "4"]
[EventCountry "CAN"]

1. e4 c5 2. Nf3 Nc6 3. d4 cxd4 4. Nxd4 Nf6 5. Nc3 e5 6. Ndb5 d6 7. Bg5 a6 8. Na3 b5 9. Nd5 Be7 10. Bxf6 Bxf6 11. c3 Bg5 12. Nc2 Be6 13. Nce3 O-O 14. Be2 Rb8 15. O-O a5 16. b3 b4 17. c4 Nd4 18. f4 Bh6 19. f5 Bxd5 20. Nxd5 Qh4 21. g4 Bg5 22. Rf2 f6 23. Bf1 Kf7 24. Rg2 Qh6 25. Rg3 g6 26. Rh3 Qg7 27. c5 dxc5 28. Bc4 Ke8 29. a3 Rf7 30. axb4 axb4 31. Ra5 Rc8 32. Qa1 Nc2 33. Qa4+ Kf8 34. Ra8 Rfc7 35. Nxc7 Qxc7 36. Rxc8+ Qxc8 37. Rxh7 1-0

[Event "August active"]
[Site "Winnipeg CAN"]
[Date "2000.08.29"]
[Round "3"]
[White "Schulz, Waldemar"]
[Black "Boron, Anthony"]
[Result "1/2-1/2"]
[WhiteElo "2016"]
[BlackElo "1887"]
[PlyCount "70"]
[GameId "2160767911652694"]
[EventDate "2000.08.29"]
[EventType "swiss (rapid)"]
[EventRounds "4"]
[EventCountry "CAN"]

1. Nf3 Nf6 2. g3 d6 3. d4 c6 4. Bg2 Nbd7 5. O-O e5 6. c4 Be7 7. Nc3 a6 8. a4 O-O 9. Qc2 Re8 10. b4 Bf8 11. dxe5 dxe5 12. c5 Qc7 13. Rd1 a5 14. Bg5 axb4 15. Bxf6 Nxf6 16. Ne4 Nxe4 17. Qxe4 Bxc5 18. Ng5 g6 19. h4 Be6 20. Nxe6 Rxe6 21. Bh3 Re7 22. h5 Rd8 23. hxg6 hxg6 24. Kg2 Rd4 25. Rxd4 exd4 26. Qh4 Qe5 27. Bg4 Qe4+ 28. Bf3 Qxh4 29. gxh4 Re8 30. Kf1 Ra8 31. Ke1 b3 32. Rb1 Rxa4 33. Rxb3 Rb4 34. Rd3 Be7 35. h5 c5 1/2-1/2

[Event "August active"]
[Site "Winnipeg CAN"]
[Date "2000.08.29"]
[Round "4"]
[White "Boron, Anthony"]
[Black "Milord, Frank"]
[Result "1-0"]
[WhiteElo "1887"]
[BlackElo "1786"]
[PlyCount "85"]
[GameId "2160767911652695"]
[EventDate "2000.08.29"]
[EventType "swiss (rapid)"]
[EventRounds "4"]
[EventCountry "CAN"]

1. d4 d5 2. Nf3 Nf6 3. e3 c6 4. Bd3 Bg4 5. Nbd2 e6 6. c4 Bd6 7. O-O Bh5 8. Qb3 Qc7 9. c5 Be7 10. h3 Bg6 11. Qc2 Nbd7 12. b4 b5 13. a4 Bxd3 14. Qxd3 bxa4 15. Rxa4 Rb8 16. Qa3 Qb7 17. Bb2 a5 18. Rxa5 Qxb4 19. Qxb4 Rxb4 20. Ra8+ Rb8 21. Rxb8+ Nxb8 22. Ne5 Nfd7 23. Ndf3 f6 24. Nd3 Kf7 25. Ra1 e5 26. dxe5 Nxc5 27. Nxc5 Bxc5 28. Ra8 Re8 29. exf6 gxf6 30. Nd4 h6 31. Nf5 Bf8 32. g4 c5 33. h4 Rd8 34. h5 Nc6 35. Ra6 Nb8 36. Rxf6+ Ke8 37. Nxh6 d4 38. exd4 cxd4 39. Nf5 d3 40. Re6+ Kd7 41. Re1 Kc8 42. h6 Bb4 43. Rd1 1-0

[Event "August active"]
[Site "Winnipeg CAN"]
[Date "2000.08.29"]
[Round "4"]
[White "Lafreniere, Adrian"]
[Black "Schulz, Waldemar"]
[Result "0-1"]
[WhiteElo "1680"]
[BlackElo "2016"]
[PlyCount "68"]
[GameId "2160767911652696"]
[EventDate "2000.08.29"]
[EventType "swiss (rapid)"]
[EventRounds "4"]
[EventCountry "CAN"]

1. e4 c5 2. Nf3 e6 3. d4 cxd4 4. Nxd4 a6 5. Nc3 Qc7 6. Be2 d6 7. Be3 Nf6 8. Qd2 Nbd7 9. b4 b5 10. a4 bxa4 11. Nxa4 Bb7 12. f3 Be7 13. Ra3 Rc8 14. Rc3 Qb8 15. Rxc8+ Qxc8 16. O-O O-O 17. Nb3 Bc6 18. Nb6 Nxb6 19. Bxb6 Nd7 20. Be3 d5 21. exd5 Bxd5 22. Nd4 Ne5 23. Ra1 Nc4 24. Bxc4 Qxc4 25. c3 Rc8 26. Ra3 h6 27. Ne2 Bf6 28. Bd4 e5 29. Bc5 Rd8 30. Qc2 Bc6 31. Nc1 Bb5 32. h3 Bh4 33. Kh2 Qf4+ 34. Kh1 Rd2 0-1

[Event "Autumn Frost"]
[Site "Ottawa CAN"]
[Date "2000.11.02"]
[Round "1"]
[White "Pacey, Kevin"]
[Black "Marshall, Peter"]
[Result "0-1"]
[WhiteElo "2345"]
[BlackElo "2183"]
[PlyCount "110"]
[GameId "2160767911635790"]
[EventDate "2000.11.02"]
[EventType "tourn"]
[EventRounds "5"]
[EventCountry "CAN"]

1. d4 Nf6 2. c4 e6 3. Nc3 Bb4 4. e3 c5 5. Bd3 Bxc3+ 6. bxc3 d6 7. Ne2 e5 8. e4 Nc6 9. d5 Ne7 10. h4 h5 11. Ng3 Bg4 12. f3 Bd7 13. Bg5 Qa5 14. Qd2 O-O-O 15. O-O Nfg8 16. Nf5 Bxf5 17. exf5 f6 18. Be3 Nh6 19. Qc2 Qc7 20. Rab1 Kb8 21. Rb5 a6 22. Rb2 Ka7 23. Rfb1 Rb8 24. Be4 Qd7 25. Bxh6 Rxh6 26. Rf1 g6 27. Qd2 Rhh8 28. fxg6 f5 29. Bd3 Nxg6 30. Qg5 Ne7 31. Rfb1 f4 32. Qf6 Qd8 33. Qe6 Nc8 34. Qf7 Qe7 35. Bg6 Qxf7 36. Bxf7 Rh7 37. Be6 Rg7 38. Kf2 Rc7 39. g4 fxg3+ 40. Kxg3 Ne7 41. f4 exf4+ 42. Kxf4 Ng6+ 43. Kg5 Ne5 44. Rf2 Rh8 45. Rf6 Rg7+ 46. Kf4 Rg2 47. Rf1 Rxa2 48. Bh3 Rh2 49. Kg3 Rc2 50. Rxd6 Rxc3+ 51. Kh2 Nf3+ 52. Kh1 Nd2 53. Kh2 Nxf1+ 54. Bxf1 Rf8 55. Bg2 Rxc4 0-1

[Event "Autumn Frost"]
[Site "Ottawa CAN"]
[Date "2000.11.09"]
[Round "2"]
[White "Devenport, Martin"]
[Black "Pacey, Kevin"]
[Result "1/2-1/2"]
[WhiteElo "2258"]
[BlackElo "2345"]
[PlyCount "122"]
[GameId "2160767911635791"]
[EventDate "2000.11.02"]
[EventType "tourn"]
[EventRounds "5"]
[EventCountry "CAN"]

1. c4 e6 2. Nc3 d5 3. d4 c5 4. e3 Nc6 5. Nf3 Nf6 6. Be2 dxc4 7. Bxc4 a6 8. a4 cxd4 9. exd4 Be7 10. O-O O-O 11. Be3 Nd5 12. Rc1 Nxc3 13. bxc3 Bf6 14. Ba2 Ne7 15. Qc2 Qa5 16. Nd2 Bd7 17. Bb3 Bc6 18. Ne4 Qf5 19. Nxf6+ Qxf6 20. c4 Rfd8 21. Rfd1 Rac8 22. Qd2 Qg6 23. d5 exd5 24. cxd5 h6 25. Qa5 Bd7 26. Kh1 Nf5 27. Qb6 Nd6 28. Bf4 Ne4 29. Qxg6 fxg6 30. Kg1 Nc3 31. Re1 Bxa4 32. Bxa4 Nxa4 33. d6 Rxc1 34. Rxc1 Rd7 35. Kf1 g5 36. Rc7 Rxc7 37. dxc7 Nb6 38. Be3 Nc8 39. g4 Kf7 40. Ke2 Ke6 41. Bd4 g6 42. Kd3 Kd6 43. Bg7 h5 44. f3 Kxc7 45. Bf6 hxg4 46. fxg4 Nd6 47. Bxg5 Nf7 48. Bf4+ Kd7 49. h4 Ke6 50. Kd4 a5 51. h5 g5 52. Bd2 a4 53. Kc4 Ke5 54. Kb4 b5 55. Bc1 Nd6 56. Bxg5 Ke6 57. Bf4 Nc4 58. Bc1 Ne5 59. h6 Kf7 60. Kxb5 Nxg4 61. Kxa4 Nxh6 1/2-1/2

[Event "Autumn Frost"]
[Site "Ottawa CAN"]
[Date "2000.11.16"]
[Round "3"]
[White "Voloaca, Mihnea"]
[Black "Pacey, Kevin"]
[Result "0-1"]
[WhiteElo "2214"]
[BlackElo "2345"]
[PlyCount "77"]
[GameId "2160767911635792"]
[EventDate "2000.11.02"]
[EventType "tourn"]
[EventRounds "5"]
[EventCountry "CAN"]

1. d4 Nf6 2. c4 e6 3. Nf3 b6 4. a3 Ba6 5. Qc2 Bb7 6. Nc3 c5 7. e4 cxd4 8. Nxd4 d6 9. Be2 Be7 10. Be3 O-O 11. Rd1 Nbd7 12. f4 Qb8 13. O-O a6 14. f5 e5 15. Nf3 Ng4 16. Bc1 d5 17. b4 d4 18. Nd5 Bxd5 19. exd5 a5 20. Nxd4 exd4 21. Bxg4 axb4 22. axb4 Bxb4 23. Bb2 Bd6 24. h3 Ra2 25. Qb1 Qa7 26. Bxd4 Be5 27. Bf2 Rb2 28. Qe4 Re8 29. Kh1 Nf6 30. Qf3 Qa2 31. c5 h5 32. cxb6 hxg4 33. hxg4 Nxg4 34. Qxg4 Rxf2 35. Rfe1 f6 36. Qg6 Qa4 37. g3 Re2 38. Kg1 Bd4+ 39. Kf1 0-1

[Event "Autumn Frost"]
[Site "Ottawa CAN"]
[Date "2000.11.23"]
[Round "4"]
[White "Pacey, Kevin"]
[Black "Barclay, Wayne"]
[Result "1-0"]
[WhiteElo "2333"]
[BlackElo "2248"]
[PlyCount "43"]
[GameId "2160767911635793"]
[EventDate "2000.11.02"]
[EventType "tourn"]
[EventRounds "5"]
[EventCountry "CAN"]

1. e4 e6 2. d4 d5 3. Nc3 Bb4 4. e5 c5 5. a3 Bxc3+ 6. bxc3 Ne7 7. Nf3 Nbc6 8. Be2 Bd7 9. O-O Qc7 10. a4 b6 11. Ba3 Na5 12. Ng5 f6 13. Bh5+ Ng6 14. Nxh7 O-O-O 15. Bxg6 Bxa4 16. Bxc5 bxc5 17. Rxa4 Nc4 18. Ra6 fxe5 19. Rxe6 exd4 20. Qg4 Kb8 21. cxd4 cxd4 22. Qg5 1-0

[Event "Battle Of Alberta"]
[Site "Red Deer CAN"]
[Date "2000.08.12"]
[Round "1"]
[White "Clark, Alan"]
[Black "Kuczaj, Chris"]
[Result "1/2-1/2"]
[WhiteElo "1995"]
[BlackElo "1979"]
[PlyCount "61"]
[GameId "2160767911652835"]
[EventDate "2000.08.12"]
[EventType "team"]
[EventRounds "2"]
[EventCountry "CAN"]

1. e4 c6 2. d4 g6 3. Nc3 Bg7 4. Be3 d5 5. Nf3 Nh6 6. h3 dxe4 7. Nxe4 Nf5 8. Bc4 O-O 9. O-O Nd7 10. c3 Nb6 11. Bb3 Nxe3 12. fxe3 Nd5 13. Qd2 Qc7 14. Rae1 Bf5 15. Nf2 Bh6 16. Ne5 Nf6 17. Qd1 Qc8 18. Qf3 Be6 19. Bxe6 Qxe6 20. Nfg4 Nxg4 21. Nxg4 Bg7 22. b3 a5 23. Nf2 a4 24. Nd3 axb3 25. Nc5 Qc8 26. axb3 b6 27. Na4 Qc7 28. Ra1 e5 29. Nb2 Rxa1 30. Rxa1 f5 31. Nc4 1/2-1/2

[Event "Battle Of Alberta"]
[Site "Red Deer CAN"]
[Date "2000.08.12"]
[Round "1"]
[White "Climenhaga, Harold"]
[Black "Weis, Rod"]
[Result "1-0"]
[WhiteElo "1874"]
[BlackElo "1881"]
[PlyCount "99"]
[GameId "2160767911652836"]
[EventDate "2000.08.12"]
[EventType "team"]
[EventRounds "2"]
[EventCountry "CAN"]

1. e4 e5 2. Nf3 Nc6 3. Bb5 a6 4. Ba4 Nf6 5. O-O Be7 6. Re1 b5 7. Bb3 O-O 8. h3 d6 9. c3 Bb7 10. d4 Rc8 11. Nbd2 exd4 12. cxd4 Nd7 13. Nf1 Bf6 14. Ng3 g6 15. a4 b4 16. Be3 Na5 17. Bc2 Nc4 18. Bc1 c5 19. b3 cxd4 20. Nxd4 Qb6 21. Nge2 Nce5 22. Be3 Nc5 23. Ng3 Rfd8 24. Rc1 Bh4 25. Nde2 d5 26. Bd4 Bf6 27. f4 Ned7 28. e5 Bh4 29. Kh2 Qa5 30. Ng1 Ne4 31. N1e2 Ndc5 32. Rf1 Nxg3 33. Nxg3 Bxg3+ 34. Kxg3 Ne4+ 35. Kh2 Nc3 36. Qd2 Qc7 37. Bd3 Qc6 38. Rc2 Rc7 39. Rfc1 Rdc8 40. Bxc3 bxc3 41. Rxc3 Qxc3 42. Rxc3 Rxc3 43. Bc4 R3xc4 44. bxc4 Rxc4 45. Qb2 Bc6 46. Qb8+ Kg7 47. Qd6 d4 48. Qf6+ Kg8 49. e6 Rc2 50. Qxf7+ 1-0

[Event "Battle Of Alberta"]
[Site "Red Deer CAN"]
[Date "2000.08.12"]
[Round "1"]
[White "Demers, Chris"]
[Black "Ottosen, David"]
[Result "1/2-1/2"]
[WhiteElo "2266"]
[BlackElo "2107"]
[PlyCount "86"]
[GameId "2160767911652837"]
[EventDate "2000.08.12"]
[EventType "team"]
[EventRounds "2"]
[EventCountry "CAN"]

1. e4 e5 2. Nc3 Nf6 3. Bc4 Bb4 4. d3 d5 5. exd5 Nxd5 6. Qf3 Bxc3+ 7. bxc3 c6 8. Ne2 O-O 9. O-O Be6 10. Rb1 Qd7 11. Qg3 f6 12. Ba3 Rf7 13. Kh1 b5 14. Bb3 a5 15. f4 a4 16. Bxd5 Qxd5 17. fxe5 fxe5 18. c4 bxc4 19. Nc3 Qd4 20. Rxf7 Bxf7 21. dxc4 Nd7 22. h3 Qxc4 23. Rb4 Qf1+ 24. Kh2 Re8 25. Rxa4 Nf6 26. Bc5 Bg6 27. Ra7 Nh5 28. Qf2 Qc4 29. Re7 Rxe7 30. Bxe7 Nf4 31. Qe1 Qd4 32. g3 Nxh3 33. Nd1 Bxc2 34. Ne3 Bg6 35. Bh4 Qd7 36. Qc3 Qe6 37. a4 Nf2 38. a5 Ne4 39. Qc4 Qxc4 40. Nxc4 Nc5 41. Nxe5 Be4 42. Be7 Na6 43. Kg1 c5 1/2-1/2

[Event "Battle Of Alberta"]
[Site "Red Deer CAN"]
[Date "2000.08.12"]
[Round "1"]
[White "Gardner, Robert"]
[Black "Huber, Gregory"]
[Result "1-0"]
[WhiteElo "2303"]
[BlackElo "2351"]
[PlyCount "58"]
[GameId "2160767911652838"]
[EventDate "2000.08.12"]
[EventType "team"]
[EventRounds "2"]
[EventCountry "CAN"]

1. d4 c5 2. d5 g6 3. e4 Bg7 4. f4 d6 5. c4 e6 6. Nc3 a6 7. a4 exd5 8. cxd5 Nf6 9. Nf3 O-O 10. Bd3 Re8 11. O-O Nbd7 12. Re1 Qc7 13. h3 Rb8 14. Be3 c4 15. Bc2 Nc5 16. Bf2 Bd7 17. e5 Nh5 18. Qd4 Bf8 19. g4 Ng7 20. Qxc4 b5 21. axb5 axb5 22. Qd4 b4 23. Ne4 Nxe4 24. Bxe4 dxe5 25. fxe5 h5 26. e6 fxe6 27. Bxg6 Red8 28. Qf6 Be8 29. Ng5 exd5 1-0

[Event "Battle Of Alberta"]
[Site "Red Deer CAN"]
[Date "2000.08.12"]
[Round "1"]
[White "Haessel, Dale"]
[Black "Brown, Grant"]
[Result "1-0"]
[WhiteElo "2221"]
[BlackElo "2071"]
[PlyCount "63"]
[GameId "2160767911652839"]
[EventDate "2000.08.12"]
[EventType "team"]
[EventRounds "2"]
[EventCountry "CAN"]

1. c4 b6 2. Nc3 c5 3. Nf3 Bb7 4. g3 Bxf3 5. exf3 Nc6 6. Bg2 g6 7. O-O Bg7 8. f4 e6 9. Rb1 Nge7 10. a3 Rc8 11. b4 Nd4 12. bxc5 Rxc5 13. Ne4 Rc6 14. Qa4 Qc7 15. d3 Ne2+ 16. Kh1 Nxc1 17. Rfxc1 h5 18. Nc3 Bxc3 19. Rxc3 Rc5 20. d4 Ra5 21. Qb4 h4 22. c5 hxg3 23. fxg3 Nc6 24. cxb6 axb6 25. Qxb6 Qxb6 26. Rxb6 Rah5 27. h3 Nxd4 28. Rb7 Nc6 29. Rd3 d5 30. Rc3 Nd8 31. Rc8 f6 32. Bf1 1-0

[Event "Battle Of Alberta"]
[Site "Red Deer CAN"]
[Date "2000.08.12"]
[Round "1"]
[White "Hughey, Micah"]
[Black "South, Fred"]
[Result "1-0"]
[WhiteElo "2106"]
[BlackElo "2263"]
[PlyCount "62"]
[GameId "2160767911652840"]
[EventDate "2000.08.12"]
[EventType "team"]
[EventRounds "2"]
[EventCountry "CAN"]

1. e4 e5 2. Nf3 Nc6 3. Bc4 Bc5 4. b4 Bxb4 5. c3 Ba5 6. d4 exd4 7. O-O Nge7 8. Ng5 d5 9. Nxf7 Kxf7 10. exd5 Ne5 11. Bb3 Nf5 12. d6+ Kf8 13. cxd4 Nf7 14. Ba3 N5xd6 15. Bxf7 Kxf7 16. Qh5+ g6 17. Qxa5 b6 18. Qd2 Qf6 19. Rc1 c5 20. dxc5 Nc4 21. Rxc4 Rd8 22. Qc2 Bf5 23. Qb3 Be6 24. Nc3 Rd4 25. Re1 Bxc4 26. Qa4 b5 27. Qc2 Rad8 28. Ne4 Qe5 29. Nd6+ R8xd6 30. Rxe5 Rd1+ 31. Re1 Be2 1-0